[Event "Det åpne NM 2011 Gruppe A"]
[Site "Quality Hotel & Resort Fagerne"]
[Date "2011.04.17"]
[Round "4"]
[White "Salomon, Johan"]
[Black "Ulvnes, Roar"]
[Result "1/2-1/2"]
[WhiteElo "1889"]
[BlackElo "2004"]
[PlyCount "121"]
[EventDate "2011.??.??"]

1. e4 c5 2. Nf3 Nc6 3. Bb5 g6 4. Bxc6 dxc6 5. O-O Bg7 6. h3 e5 7. d3 h6 8. Be3
Qe7 9. Nc3 Nf6 10. Qd2 g5 11. Nh2 Nh5 12. Ne2 Nf4 13. Ng3 b6 14. a4 a5 15. c3
Be6 16. Qc2 Qd7 17. Rfd1 Bxh3 18. gxh3 Qxh3 19. Bxf4 gxf4 20. Nf5 f3 21. Ne3
Bf6 22. Kh1 Bg5 23. Rg1 Bf4 24. Nef1 Ke7 25. Qd1 Rhg8 26. Rxg8 Rxg8 27. Qxf3
Qh4 28. Rd1 Rg5 29. Ng3 Bxg3 30. fxg3 Rxg3 31. Qf2 Qg5 32. d4 cxd4 33. cxd4 Qh4
34. Qc2 exd4 35. Qxc6 Rg6 36. Qc7+ Kf8 37. Qb8+ Ke7 38. Qe5+ Re6 39. Qxd4 Qxe4+
40. Qxe4 Rxe4 41. b3 Re3 42. Rb1 Kd6 43. Ng4 Rg3 44. Nf2 f5 45. Kh2 Rc3 46. Nd1
Rd3 47. Nb2 Rc3 48. Nc4+ Kc5 49. Kg2 h5 50. Kf2 h4 51. Ke2 h3 52. Kd2 Rg3 53.
Rf1 Rxb3 54. Kc2 Rg3 55. Nxb6 Rg2+ 56. Kc3 Rg3+ 57. Kc2 Kxb6 58. Rxf5 Rg2+ 59.
Kc3 Rg3+ 60. Kb2 Rg2+ 61. Kb3 1/2-1/2

[Event "Det åpne NM 2011 Gruppe A"]
[Site "Quality Hotel & Resort Fagerne"]
[Date "2011.04.17"]
[Round "4"]
[White "Rødvik, Trym Daniel"]
[Black "Mikalsen, Erlend"]
[Result "1-0"]
[WhiteElo "1782"]
[BlackElo "1981"]
[PlyCount "91"]
[EventDate "2011.??.??"]

1. e4 c5 2. Nf3 d6 3. d4 cxd4 4. Nxd4 Nf6 5. Nc3 g6 6. Be3 Bg7 7. f3 a6 8. Qd2
Nbd7 9. O-O-O b5 10. g4 Bb7 11. g5 Nh5 12. Be2 Nb6 13. a3 d5 14. exd5 Nxd5 15.
Ndxb5 O-O 16. Nxd5 axb5 17. Bc5 Bxd5 18. Qxd5 Nf4 19. Qe4 Qc7 20. Bd4 e5 21.
Bc3 Rxa3 22. bxa3 Qxc3 23. Bd3 Qxa3+ 24. Kd2 Qa5+ 25. Ke3 Qb6+ 26. Kd2 Nh3 27.
Qe3 Qd8 28. Rhg1 e4 29. fxe4 Bd4 30. Qxh3 Bxg1 31. Rxg1 b4 32. Qg3 Re8 33. Qf4
Qd4 34. Rf1 Re7 35. Qf6 Qd7 36. e5 Re6 37. Qxf7+ Qxf7 38. Rxf7 Kxf7 39. Bc4 Ke7
40. Bxe6 Kxe6 41. Kd3 Kxe5 42. Kc4 Kf5 43. Kxb4 Kxg5 44. c4 Kf6 45. Kb5 Ke7 46.
Kc6 1-0

[Event "Det åpne NM 2011 Gruppe A"]
[Site "Quality Hotel & Resort Fagerne"]
[Date "2011.04.17"]
[Round "5"]
[White "Tiviakov, Sergei"]
[Black "Urkedal, Frode O"]
[Result "1-0"]
[WhiteElo "2624"]
[BlackElo "2447"]
[PlyCount "79"]
[EventDate "2011.??.??"]

1. e4 e5 2. Nf3 Nc6 3. Bb5 a6 4. Ba4 Nf6 5. d3 d6 6. c3 g6 7. Bg5 Bg7 8. Nbd2
h6 9. Bh4 O-O 10. O-O b5 11. Bc2 Bb7 12. Re1 Qd7 13. Nb3 Rfe8 14. Qd2 Nh5 15.
d4 exd4 16. cxd4 Qg4 17. a4 bxa4 18. Rxa4 a5 19. Nxa5 Nxa5 20. Rxa5 Rxa5 21.
Qxa5 Qc8 22. Qd2 c5 23. d5 Qd7 24. b3 Ra8 25. Bd3 Ba6 26. Bg3 Nxg3 27. hxg3
Bxd3 28. Qxd3 Ra2 29. e5 dxe5 30. Nxe5 Qd6 31. Nc4 Qf6 32. Qe3 Bf8 33. Rd1 Ra1
34. Qe1 Ra6 35. Qd2 Ra7 36. d6 Rd7 37. Qd5 Kg7 38. Qxc5 Qc3 39. b4 Qb3 40. Rd5
1-0

[Event "Det åpne NM 2011 Gruppe A"]
[Site "Quality Hotel & Resort Fagerne"]
[Date "2011.04.17"]
[Round "5"]
[White "Richter, Michael"]
[Black "Miezis, Normunds"]
[Result "1/2-1/2"]
[WhiteElo "2486"]
[BlackElo "2555"]
[PlyCount "118"]
[EventDate "2011.??.??"]

1. d4 Nf6 2. c4 e5 3. dxe5 Ng4 4. e3 Nxe5 5. Nc3 d6 6. f4 Nec6 7. Nf3 g6 8. b3
Bg7 9. Bb2 O-O 10. Qd2 Nd7 11. Bd3 Nc5 12. O-O Nb4 13. Bb1 f5 14. a3 Nc6 15. b4
Ne6 16. Ba2 h6 17. Rad1 Kh7 18. Nd5 a5 19. Bxg7 Nxg7 20. b5 Ne7 21. c5 Nxd5 22.
Bxd5 Qe7 23. cxd6 cxd6 24. Rfe1 Rd8 25. Rc1 Be6 26. b6 Rdc8 27. Bxe6 Qxe6 28.
Nd4 Qd5 29. Rxc8 Rxc8 30. Rc1 Rc5 31. Rxc5 dxc5 32. Qxa5 Qe4 33. Qxc5 Qxe3+ 34.
Kf1 Qxf4+ 35. Nf3 g5 36. Kg1 Qe4 37. h3 g4 38. hxg4 fxg4 39. Nd2 Qd3 40. Nf1
Kg6 41. Qe3 Qd5 42. Ng3 Qd1+ 43. Kh2 Qd7 44. Qe4+ Kf7 45. Qf4+ Kg6 46. a4 h5
47. Ne4 Qe7 48. Qf6+ Qxf6 49. Nxf6 Nf5 50. a5 Nd4 51. Nd7 Nc6 52. a6 bxa6 53.
b7 Kg5 54. b8=Q Nxb8 55. Nxb8 a5 56. Nc6 a4 57. g3 a3 58. Nb4 Kf5 59. Kg2 Ke4
1/2-1/2

[Event "Det åpne NM 2011 Gruppe A"]
[Site "Quality Hotel & Resort Fagerne"]
[Date "2011.04.17"]
[Round "5"]
[White "Gullaksen, Eirik"]
[Black "Johannessen, Leif E"]
[Result "1/2-1/2"]
[WhiteElo "2351"]
[BlackElo "2514"]
[PlyCount "86"]
[EventDate "2011.??.??"]

1. e4 e6 2. d4 d5 3. Nc3 Bb4 4. Nge2 dxe4 5. a3 Bxc3+ 6. Nxc3 Nc6 7. d5 exd5 8.
Qxd5 Nge7 9. Qxd8+ Nxd8 10. Nxe4 Bf5 11. Bd3 Ne6 12. Bd2 O-O-O 13. O-O-O Nd4
14. Kb1 Nec6 15. Bc3 Rhe8 16. Rhe1 Bg6 17. Nc5 Rxe1 18. Rxe1 b6 19. Bxg6 hxg6
20. Nd3 Ne6 21. Kc1 Rd5 22. Ne5 Nxe5 23. Rxe5 Rd8 24. Re4 Rh8 25. h3 Kd7 26.
Kd1 Rh5 27. Ke1 Rd5 28. f3 g5 29. g3 f6 30. Ke2 Kd6 31. h4 a5 32. hxg5 Rxg5 33.
g4 f5 34. gxf5 Rxf5 35. Bd2 Rc5 36. c4 Rh5 37. b4 a4 38. c5+ Kd5 39. cxb6 cxb6
40. b5 Nc5 41. Rg4 Ne6 42. Be3 Kd6 43. Rb4 Kc7 1/2-1/2

[Event "Det åpne NM 2011 Gruppe A"]
[Site "Quality Hotel & Resort Fagerne"]
[Date "2011.04.17"]
[Round "5"]
[White "Getz, Nicolai"]
[Black "Jones, Gawain C B"]
[Result "1/2-1/2"]
[WhiteElo "2333"]
[BlackElo "2578"]
[PlyCount "94"]
[EventDate "2011.??.??"]

1. e4 c6 2. d4 d5 3. e5 Bf5 4. Nd2 e6 5. Nb3 Nd7 6. Nf3 Ne7 7. Be2 a6 8. O-O
Nc8 9. Be3 Be7 10. Nfd2 O-O 11. f4 Bg6 12. c3 Qc7 13. Qe1 c5 14. h4 c4 15. h5
Bc2 16. Nc1 Qb6 17. b3 Qa5 18. Nf3 b5 19. Qd2 Be4 20. Ng5 Bxg5 21. fxg5 Qa3 22.
Bf3 Ne7 23. Bxe4 dxe4 24. Ne2 cxb3 25. axb3 Qxb3 26. Ng3 Qd5 27. Rf4 Nf5 28.
Nxe4 b4 29. cxb4 Nb6 30. Bf2 Nc4 31. Qe2 Qb5 32. Nc5 Nb6 33. Qxb5 axb5 34. Rxa8
Rxa8 35. g6 hxg6 36. hxg6 Ra3 37. gxf7+ Kxf7 38. Ne4 Ke7 39. Bh4+ Ke8 40. Nd6+
Nxd6 41. exd6 Nd5 42. Rg4 Ra7 43. Be7 Nxe7 44. dxe7 Ra4 45. Rxg7 Rxb4 46. Rg5
Kxe7 47. Kf2 Rxd4 1/2-1/2

[Event "Det åpne NM 2011 Gruppe A"]
[Site "Quality Hotel & Resort Fagerne"]
[Date "2011.04.17"]
[Round "5"]
[White "Solodovnichenko, Yuri"]
[Black "Welling, Gerard"]
[Result "1/2-1/2"]
[WhiteElo "2577"]
[BlackElo "2321"]
[PlyCount "74"]
[EventDate "2011.??.??"]

1. e4 d5 2. exd5 Qxd5 3. Nc3 Qe5+ 4. Nge2 c6 5. d4 Qa5 6. Rb1 Nf6 7. b4 Qd8 8.
g3 e6 9. Bg2 Nbd7 10. O-O Bd6 11. Bf4 Bxf4 12. Nxf4 O-O 13. Nd3 Qc7 14. Re1 Rd8
15. a4 Nf8 16. Ne2 b6 17. c4 Rb8 18. Qc2 N8d7 19. Nc3 Bb7 20. c5 Nf8 21. b5
Rxd4 22. cxb6 axb6 23. bxc6 Rc4 24. Ne5 Bxc6 25. Nxc4 Bxg2 26. Kxg2 Qxc4 27.
Qb3 Qc6+ 28. Kg1 N8d7 29. Rbc1 Qa8 30. Qb5 h5 31. Ne4 Nxe4 32. Qxd7 Ng5 33. Kf1
Qh1+ 34. Ke2 Qf3+ 35. Kf1 Qh1+ 36. Ke2 Qf3+ 37. Kf1 Qh1+ 1/2-1/2

[Event "Det åpne NM 2011 Gruppe A"]
[Site "Quality Hotel & Resort Fagerne"]
[Date "2011.04.17"]
[Round "5"]
[White "Myhrvold, Rune"]
[Black "Karlsson, Lars"]
[Result "0-1"]
[WhiteElo "2164"]
[BlackElo "2475"]
[PlyCount "148"]
[EventDate "2011.??.??"]

1. e4 d6 2. d4 g6 3. Nf3 Bg7 4. Be3 Nc6 5. Bb5 a6 6. Bxc6+ bxc6 7. Nc3 Rb8 8.
O-O Rxb2 9. Re1 Nf6 10. e5 Nd5 11. Nxd5 cxd5 12. c4 O-O 13. Qc1 Rb6 14. c5 Rb4
15. Qa3 Rb5 16. Rac1 Re8 17. h3 f6 18. cxd6 cxd6 19. exd6 exd6 20. Rc6 Rb6 21.
Qa5 Rb5 22. Qa3 Bf8 23. Rec1 Bb7 24. R6c2 Qb6 25. Rc7 Rb1 26. Rxb1 Qxc7 27. Rc1
Qd7 28. Qa5 Rc8 29. Rb1 Bc6 30. Rb6 Bb5 31. a4 Bc4 32. Qb4 Be7 33. Nd2 Rc6 34.
Nxc4 dxc4 35. d5 Rc7 36. Bd4 Qf5 37. Rc6 Rd7 38. Qxc4 Rb7 39. Kh2 Qf4+ 40. g3
Qe4 41. Rc8+ Kf7 42. Qc6 Rb1 43. Qe8+ Kg7 44. Qg8+ Kh6 45. Be3+ g5 46. Rc1 Rxc1
47. Bxc1 Qe5 48. h4 Kh5 49. hxg5 fxg5 50. Qxh7+ Kg4 51. Qh3+ Kf3 52. Qg2+ Kg4
53. f3+ Kh5 54. Qc2 Kh6 55. Qe4 Qc3 56. Be3 Bf6 57. Kh3 Qc8+ 58. Qe6 Qh8 59.
Bd4 Kg7+ 60. Kg4 Bxd4 61. Qe7+ Kg6 62. Qe4+ Kf7 63. Qe6+ Kg7 64. Kxg5 Qd8+ 65.
Kg4 Bf6 66. Kf5 Qf8 67. Qd7+ Be7+ 68. Ke4 Qf6 69. Qg4+ Kf8 70. Qf5 Kg7 71.
Qxf6+ Kxf6 72. f4 Bd8 73. g4 Bb6 74. g5+ Kg6 0-1

[Event "Det åpne NM 2011 Gruppe A"]
[Site "Quality Hotel & Resort Fagerne"]
[Date "2011.04.17"]
[Round "5"]
[White "Gvein, Kenneth"]
[Black "Rubio Mejia, Luis Ignacio"]
[Result "0-1"]
[WhiteElo "2169"]
[BlackElo "2409"]
[PlyCount "82"]
[EventDate "2011.??.??"]

1. c4 e5 2. Nc3 Nf6 3. g3 Bb4 4. Bg2 O-O 5. e4 Bxc3 6. dxc3 d6 7. Qe2 Be6 8.
Nf3 h6 9. Nd2 Nbd7 10. Nf1 Nc5 11. f3 a6 12. Ne3 Re8 13. O-O Nfd7 14. b3 b5 15.
f4 exf4 16. gxf4 f6 17. e5 dxe5 18. f5 Bf7 19. Rd1 e4 20. Rd4 Nd3 21. Rxe4 Nxc1
22. Rxc1 Rb8 23. Nd5 Ne5 24. Rd1 c6 25. Ne3 Qb6 26. cxb5 axb5 27. h3 Rbd8 28.
Red4 Ra8 29. Kh1 Qa5 30. b4 Qxa2 31. Qxa2 Rxa2 32. Rd6 Kh7 33. Ng4 Bh5 34. Re6
Rc8 35. Rd4 Bxg4 36. hxg4 Rc2 37. Re7 Ra8 38. Rd6 Ra1+ 39. Kh2 Raa2 40. Rd8
Rxg2+ 41. Kh3 Rh2+ 0-1

[Event "Det åpne NM 2011 Gruppe A"]
[Site "Quality Hotel & Resort Fagerne"]
[Date "2011.04.17"]
[Round "5"]
[White "Aulin-Jansson, Jøran"]
[Black "Kasparova, Tatiana"]
[Result "1-0"]
[WhiteElo "2232"]
[BlackElo "2152"]
[PlyCount "61"]
[EventDate "2011.??.??"]

1. d4 Nf6 2. Nf3 c5 3. c3 Qc7 4. e3 b6 5. Nbd2 Bb7 6. Bd3 e6 7. O-O Be7 8. Re1
d5 9. Ne5 Nbd7 10. f4 O-O 11. Qf3 c4 12. Bc2 b5 13. g4 g6 14. h4 h5 15. g5 Ne8
16. Nxg6 fxg6 17. Bxg6 Ng7 18. Nf1 e5 19. Ng3 e4 20. Qd1 Nf6 21. gxf6 Bxf6 22.
Nxh5 Bxh4 23. Re2 Bc8 24. Rh2 Qe7 25. Bd2 Rb8 26. Be1 Bxe1 27. Qxe1 Qe6 28.
Nxg7 Kxg7 29. f5 Rxf5 30. Bxf5 Qxf5 31. Rg2+ 1-0

[Event "Det åpne NM 2011 Gruppe A"]
[Site "Quality Hotel & Resort Fagerne"]
[Date "2011.04.17"]
[Round "5"]
[White "Stenersen, Gudmund"]
[Black "Haugsrud, Håkon"]
[Result "1-0"]
[WhiteElo "2228"]
[BlackElo "2050"]
[PlyCount "99"]
[EventDate "2011.??.??"]

1. e4 c6 2. d4 d5 3. e5 c5 4. dxc5 Nc6 5. a3 e6 6. b4 a5 7. Nf3 axb4 8. Bd3 Qc7
9. O-O Bxc5 10. Bb2 Nge7 11. axb4 Rxa1 12. Bxa1 Nxb4 13. Nc3 Nxd3 14. cxd3 Bd7
15. Qb3 O-O 16. Rb1 Rb8 17. d4 Ba7 18. Qa3 Nc6 19. Nb5 Qb6 20. Qd3 h6 21. Bc3
Na5 22. Nd6 Qc7 23. Ra1 Bb6 24. Nd2 f6 25. exf6 Qxd6 26. Bxa5 Bxa5 27. Rxa5 Qf4
28. fxg7 Kxg7 29. g3 Qc7 30. Rc5 Qd6 31. Nf3 b5 32. Ne5 Be8 33. Qf3 h5 34. Qf4
b4 35. Qg5+ Kh7 36. Rc6 Qd8 37. Qxd8 Rxd8 38. Rb6 Ra8 39. Rxb4 Ra4 40. Rxa4
Bxa4 41. Kg2 Kh6 42. h4 Kg7 43. Kf3 Kf6 44. Kf4 Bb5 45. f3 Ba4 46. g4 hxg4 47.
fxg4 Bb5 48. h5 Be2 49. h6 Bb5 50. g5+ 1-0

[Event "Det åpne NM 2011 Gruppe A"]
[Site "Quality Hotel & Resort Fagerne"]
[Date "2011.04.17"]
[Round "5"]
[White "Webb, Matthew D"]
[Black "Rødvik, Trym Daniel"]
[Result "0-1"]
[WhiteElo "2062"]
[BlackElo "1782"]
[PlyCount "62"]
[EventDate "2011.??.??"]

1. e4 e5 2. d4 exd4 3. Qxd4 Nc6 4. Qe3 Nf6 5. Nc3 Bb4 6. Bd2 O-O 7. O-O-O Re8
8. Qg3 Rxe4 9. a3 Ba5 10. f3 Re8 11. Bc4 d6 12. Nge2 Nh5 13. Qf2 Bb6 14. Qf1
Be6 15. Bxe6 fxe6 16. g4 Nf6 17. g5 Nd7 18. Qg2 Nde5 19. Ne4 d5 20. Bc3 Be3+
21. Kb1 Rf8 22. Rhf1 Qe7 23. Nf6+ Kh8 24. Nh5 Rad8 25. f4 d4 26. Qe4 Nc4 27.
Nxd4 Bxd4 28. Bxd4 Nxd4 29. Rd3 Qe8 30. Ng3 Qb5 31. b3 Nxb3 0-1

[Event "Det åpne NM 2011 Gruppe A"]
[Site "Quality Hotel & Resort Fagerne"]
[Date "2011.04.17"]
[Round "5"]
[White "Thingstad, Anders"]
[Black "Bosch, Jeroen"]
[Result "1-0"]
[WhiteElo "2014"]
[BlackElo "2424"]
[PlyCount "85"]
[EventDate "2011.??.??"]

1. d4 Nf6 2. c4 d6 3. Nc3 Nbd7 4. e4 e5 5. d5 Nc5 6. Qc2 a5 7. g3 g6 8. Bg2 Bg7
9. Nge2 O-O 10. O-O Nh5 11. f4 exf4 12. Nxf4 Nf6 13. Bd2 Ng4 14. Nd1 f5 15. Bc3
Bxc3 16. bxc3 fxe4 17. Bxe4 Qe7 18. Bg2 Bf5 19. Qd2 g5 20. Nh3 h6 21. Nhf2 Ne5
22. Ne3 Bd7 23. Rae1 Rae8 24. Qd1 Qg7 25. Ne4 Rxf1+ 26. Rxf1 Nxe4 27. Bxe4 Nxc4
28. Nxc4 Rxe4 29. Qd3 Qe7 30. Nxa5 Bh3 31. Rd1 Bg4 32. Rb1 Bf5 33. Rf1 Bg4 34.
Rb1 Be2 35. Qd2 Ba6 36. c4 Qe5 37. Qf2 Re2 38. Qf3 Qd4+ 39. Kf1 Rxh2 40. Re1
Bxc4+ 41. Nxc4 Rh1+ 42. Qxh1 Qxc4+ 43. Re2 1-0

[Event "Det åpne NM 2011 Gruppe A"]
[Site "Quality Hotel & Resort Fagerne"]
[Date "2011.04.17"]
[Round "5"]
[White "Hauge, Lars Oskar"]
[Black "Ofstad, Per"]
[Result "1/2-1/2"]
[WhiteElo "1990"]
[BlackElo "2194"]
[PlyCount "60"]
[EventDate "2011.??.??"]

1. e4 c6 2. d4 d5 3. e5 Bf5 4. Nf3 e6 5. Be2 Nd7 6. O-O c5 7. Bf4 Ne7 8. c3 Nc6
9. Qd2 Be7 10. dxc5 Nxc5 11. Nd4 Bg6 12. b4 Nd7 13. Qe3 Nxd4 14. Qxd4 O-O 15.
Nd2 Qb6 16. Be3 Qxd4 17. Bxd4 a5 18. a3 Nb8 19. b5 Nd7 20. c4 Bc5 21. Bxc5 Nxc5
22. f4 d4 23. Bf3 Rad8 24. g3 b6 25. Rfe1 Rd7 26. h4 Rfd8 27. g4 Bd3 28. Bc6
Rc7 29. Kg2 a4 30. Kf3 Nb3 1/2-1/2

[Event "Det åpne NM 2011 Gruppe A"]
[Site "Quality Hotel & Resort Fagerne"]
[Date "2011.04.17"]
[Round "5"]
[White "Hansen, Victor"]
[Black "Mihajlov, Sebastian"]
[Result "1/2-1/2"]
[WhiteElo "2125"]
[BlackElo "1871"]
[PlyCount "54"]
[EventDate "2011.??.??"]

1. d4 d5 2. c4 c6 3. Nf3 Nf6 4. Nc3 e6 5. Bg5 h6 6. Bxf6 Qxf6 7. e3 Nd7 8. Be2
dxc4 9. Bxc4 g6 10. O-O Bg7 11. e4 e5 12. d5 Nb6 13. Be2 O-O 14. a4 a5 15. Qb3
cxd5 16. exd5 Bf5 17. Nd2 Qd6 18. Bf3 Qb4 19. d6 Qxd6 20. Bxb7 Rab8 21. Nde4
Qb4 22. Bd5 Bxe4 23. Nxe4 Nxd5 24. Qxd5 Rfd8 25. Qc6 Rbc8 26. Nf6+ Kh8 27. Qf3
Qxb2 1/2-1/2

[Event "Det åpne NM 2011 Gruppe A"]
[Site "Quality Hotel & Resort Fagern"]
[Date "2011.04.17"]
[Round "5"]
[White "Kjoita, Henning"]
[Black "Bentsen, Hakon"]
[Result "1/2-1/2"]
[WhiteElo "1843"]
[BlackElo "2149"]
[PlyCount "92"]
[EventDate "2011.??.??"]

1. e4 e5 2. Nf3 Nc6 3. d4 exd4 4. Nxd4 Nf6 5. Nc3 Bb4 6. Nxc6 bxc6 7. Bd3 d5 8.
exd5 cxd5 9. O-O O-O 10. Bg5 Be6 11. Qf3 Be7 12. Rfe1 c6 13. Ne2 h6 14. Bf4 Bd6
15. Nd4 Bxf4 16. Qxf4 Qd7 17. Re3 Rfe8 18. Rae1 Bg4 19. Bf5 Rxe3 20. Rxe3 Bxf5
21. Nxf5 Re8 22. Nxh6+ gxh6 23. Qxf6 Rxe3 24. fxe3 Qg4 25. Kf2 Qc4 26. Qxh6
Qxc2+ 27. Kf3 Qe4+ 28. Kf2 Qc2+ 29. Kg3 Qxb2 30. Qxc6 Qxa2 31. Qe8+ Kg7 32.
Qe5+ Kg8 33. Qe8+ Kg7 34. Qe5+ Kg8 35. h4 Qa5 36. Qe8+ Kg7 37. Qe5+ Kg8 38. h5
Qe1+ 39. Kg4 Qe2+ 40. Kh3 Qd1 41. Kh2 Qg4 42. Kg1 a5 43. Qxd5 a4 44. h6 Qh4 45.
h7+ Kg7 46. e4 Qe1+ 1/2-1/2

[Event "Det åpne NM 2011 Gruppe A"]
[Site "Quality Hotel & Resort Fagerne"]
[Date "2011.04.17"]
[Round "5"]
[White "Kjøita, Torgeir"]
[Black "Haarr, Jon Kristian"]
[Result "0-1"]
[WhiteElo "1796"]
[BlackElo "2204"]
[PlyCount "76"]
[EventDate "2011.??.??"]

1. e4 c5 2. Nf3 d6 3. d4 cxd4 4. Nxd4 Nf6 5. Nc3 g6 6. Be2 Bg7 7. O-O O-O 8.
Be3 a6 9. Qd2 b5 10. b4 Bb7 11. Bf3 Qc7 12. a4 Rc8 13. Ra3 bxa4 14. Nxa4 Nbd7
15. Bg5 Bxe4 16. Bxf6 Nxf6 17. Qe3 Bxf3 18. Nxf3 Nd5 19. Qe4 e6 20. c3 Qc4 21.
Qb1 Rab8 22. Nd2 Qc6 23. Qa2 h5 24. Rb1 h4 25. f3 h3 26. gxh3 Nf4 27. c4 Nxh3+
28. Kh1 Be5 29. b5 axb5 30. Rab3 b4 31. Rxb4 Rxb4 32. Rxb4 Ra8 33. Qb3 Kg7 34.
Nc3 Ra1+ 35. Ncb1 Qc5 36. Kg2 Qg1+ 37. Kxh3 Qxh2+ 38. Kg4 Qg3# 0-1

[Event "Det åpne NM 2011 Gruppe A"]
[Site "Quality Hotel & Resort Fagerne"]
[Date "2011.04.17"]
[Round "5"]
[White "Ulvnes, Roar"]
[Black "Arvola, Benjamin"]
[Result "1/2-1/2"]
[WhiteElo "2004"]
[BlackElo "2217"]
[PlyCount "107"]
[EventDate "2011.??.??"]

1. d4 Nf6 2. Nf3 e6 3. e3 b6 4. Bd3 Bb7 5. Nbd2 d5 6. O-O Be7 7. Re1 O-O 8. e4
dxe4 9. Nxe4 Nbd7 10. Ng3 c5 11. c3 cxd4 12. cxd4 Nd5 13. a3 Rc8 14. Ne5 h6 15.
Qa4 Nxe5 16. dxe5 Nb4 17. Bb1 Nd3 18. Bxd3 Qxd3 19. Rd1 Bc6 20. Qg4 Qg6 21.
Qxg6 fxg6 22. Be3 Bd5 23. Rac1 Kf7 24. Ne2 Rfd8 25. Rxc8 Rxc8 26. Nc3 Bc6 27.
Rd4 g5 28. Rc4 Ke8 29. Nb5 Rd8 30. Nc3 Kd7 31. Rd4+ Kc7 32. Rxd8 Bxd8 33. g3 g4
34. h3 gxh3 35. Kh2 a6 36. Kxh3 h5 37. g4 g6 38. gxh5 gxh5 39. Ne2 Bf3 40. Nd4
Bg4+ 41. Kg3 Kd7 42. f3 Bf5 43. Nxf5 exf5 44. Bh6 h4+ 45. Kh3 Ke6 46. f4 b5 47.
b3 Be7 48. a4 bxa4 49. bxa4 a5 50. Bg5 Bxg5 51. fxg5 Kxe5 52. Kxh4 Ke6 53. Kh5
Kf7 54. g6+ 1/2-1/2

[Event "Det åpne NM 2011 Gruppe A"]
[Site "Quality Hotel & Resort Fagerne"]
[Date "2011.04.17"]
[Round "5"]
[White "Flermoen, Peter"]
[Black "Hoem, Tor Wetle"]
[Result "1-0"]
[WhiteElo "2155"]
[BlackElo "1967"]
[Annotator "J.,Tarjei"]
[PlyCount "111"]
[EventDate "2011.??.??"]

1. e4 c5 2. Nf3 d6 3. d4 cxd4 4. Nxd4 Nf6 5. Nc3 g6 6. Be3 Bg7 7. f3 Nc6 8. Qd2
O-O 9. Bc4 Bd7 10. O-O-O Qa5 11. g4 Rfc8 12. Bb3 Ne5 13. g5 Nh5 14. Nce2 Qa6
15. Ng3 Nc4 16. Bxc4 Rxc4 17. c3 Rac8 18. Kb1 b5 19. Nxh5 gxh5 20. Nc2 e6 21.
Rc1 Qb7 22. Rhd1 d5 23. exd5 e5 24. Qd3 a5 25. Bf2 Rf4 26. Ne3 Rxf3 27. Qe2 Rf4
28. Bg3 Re4 29. Qd3 Rxe3 30. Qxe3 Bf5+ 31. Ka1 e4 32. Bf2 b4 33. cxb4 Rxc1+ 34.
Rxc1 Qxb4 35. Qb3 Qd2 36. Be3 Qxh2 37. Qb6 Be5 38. a3 Qe2 39. Bd4 Bxd4 40. Qxd4
Qd3 41. Qxd3 exd3 42. Rc4 Kf8 43. Rd4 Ke7 44. d6+ Kd8 45. b4 axb4 46. axb4 Kd7
47. Kb2 h4 48. Rxh4 Kxd6 49. Rc4 Ke5 50. Kc3 Bd7 51. b5 Kd5 52. Rd4+ Ke6 53. b6
Bc6 54. Kxd3 Kf5 55. Rc4 Bb7 56. Rc7 1-0

[Event "Det åpne NM 2011 Gruppe A"]
[Site "Quality Hotel & Resort Fagerne"]
[Date "2011.04.17"]
[Round "5"]
[White "Bjornes, Leif"]
[Black "Gholami, Armin"]
[Result "0-1"]
[WhiteElo "1994"]
[BlackElo "1797"]
[PlyCount "60"]
[EventDate "2011.??.??"]

1. d4 Nf6 2. c4 e6 3. Nc3 Bb4 4. a3 Bxc3+ 5. bxc3 c5 6. f3 d6 7. e4 Nc6 8. Be3
Qa5 9. Qd2 b6 10. Bd3 Ba6 11. Ne2 Qa4 12. O-O Na5 13. e5 dxe5 14. dxc5 Rd8 15.
Rfd1 O-O 16. Qe1 Bxc4 17. Qh4 e4 18. Bd4 e5 19. Bxe5 Rxd3 20. Rxd3 Bxd3 21. Nd4
exf3 22. Bxf6 gxf6 23. Qxf6 bxc5 24. Qg5+ Bg6 25. Nf5 f2+ 26. Kh1 Qe4 27. Nh6+
Kg7 28. Rf1 f6 29. Qxc5 Qe1 30. Qe7+ Qxe7 0-1

[Event "Det åpne NM 2011 Gruppe A"]
[Site "Quality Hotel & Resort Fagerne"]
[Date "2011.04.17"]
[Round "5"]
[White "Torgersen, Terje"]
[Black "Lindblom, Roar"]
[Result "1-0"]
[WhiteElo "2041"]
[BlackElo "1974"]
[Annotator "J.,Tarjei"]
[PlyCount "75"]
[EventDate "2011.??.??"]

1. e4 e5 2. Nf3 Nc6 3. Bb5 a6 4. Ba4 Nf6 5. d4 Nxe4 6. O-O Be7 7. Re1 d5 8. c4
f5 9. Nxe5 Bd7 10. Bxc6 bxc6 11. Qh5+ g6 12. Nxg6 Nf6 13. Qh6 hxg6 14. Qxh8+
Kf7 15. Qxd8 Rxd8 16. cxd5 cxd5 17. Bg5 Rb8 18. b3 Bb4 19. Bd2 Bd6 20. Nc3 c6
21. Ne2 Rh8 22. Bf4 Bb4 23. Rec1 Ne4 24. f3 Nf6 25. a3 Ba5 26. Rc2 Re8 27. Kf2
Nh5 28. Bd6 Bb6 29. Rac1 Rc8 30. Be5 g5 31. Nc3 Nf6 32. Bxf6 Kxf6 33. Nxd5+
cxd5 34. Rxc8 Bxd4+ 35. Ke1 Bxc8 36. Rxc8 Bb2 37. Rc6+ Ke5 38. Rxa6 1-0

[Event "Det åpne NM 2011 Gruppe A"]
[Site "Quality Hotel & Resort Fagerne"]
[Date "2011.04.17"]
[Round "5"]
[White "Arndt, Uwe"]
[Black "Bue, Gunnar"]
[Result "1-0"]
[WhiteElo "2021"]
[BlackElo "1821"]
[PlyCount "85"]
[EventDate "2011.??.??"]

1. d4 Nf6 2. c4 g6 3. f3 Bg7 4. Nc3 O-O 5. e4 d6 6. Be3 Nc6 7. Nge2 a6 8. Qd2
Rb8 9. Nc1 e5 10. d5 Nd4 11. Nb3 c5 12. dxc6 Nxc6 13. O-O-O Ne8 14. c5 Be6 15.
cxd6 Bxb3 16. axb3 b5 17. Kb1 Nd4 18. Ne2 Qxd6 19. Nxd4 exd4 20. Bxd4 Bxd4 21.
Qxd4 Qe6 22. Be2 Nf6 23. Qd6 Rb6 24. Qxe6 Rxe6 25. Rd2 Rc8 26. Rhd1 Rec6 27. e5
Ne8 28. f4 Kg7 29. Bg4 Rb8 30. Rd7 Kf8 31. Bf3 Re6 32. Ra7 Re7 33. Rxa6 Nc7 34.
Rad6 Ne6 35. g3 b4 36. R1d5 Rc7 37. Be2 Ra8 38. Rb5 Rca7 39. Bc4 Ra1+ 40. Kc2
Rh1 41. Bxe6 Rxh2+ 42. Rd2 Rxd2+ 43. Kxd2 1-0

[Event "Det åpne NM 2011 Gruppe A"]
[Site "Quality Hotel & Resort Fagerne"]
[Date "2011.04.17"]
[Round "5"]
[White "Grønnestad, Anita"]
[Black "Barane, Simon"]
[Result "1/2-1/2"]
[WhiteElo "2031"]
[BlackElo "1823"]
[PlyCount "49"]
[EventDate "2011.??.??"]

1. e4 c5 2. Nc3 Nc6 3. f4 g6 4. Nf3 Bg7 5. Bc4 e6 6. O-O Nge7 7. Qe1 a6 8. a4
Nb4 9. Qd1 d5 10. Be2 Bd7 11. d3 Bc6 12. exd5 Nbxd5 13. Ne4 b6 14. c3 Nf5 15.
Rf2 Qc7 16. g3 Rd8 17. Qf1 Qb7 18. Qh3 h6 19. g4 Nfe7 20. Ne5 Nf6 21. Nxc6 Qxc6
22. Nxf6+ Bxf6 23. Bd2 Qd7 24. Qf3 Qd5 25. Qxd5 1/2-1/2

[Event "Det åpne NM 2011 Gruppe A"]
[Site "Quality Hotel & Resort Fagerne"]
[Date "2011.04.17"]
[Round "5"]
[White "Mikalsen, Erlend"]
[Black "Taksrud, Vidar"]
[Result "0-1"]
[WhiteElo "1981"]
[BlackElo "2088"]
[PlyCount "86"]
[EventDate "2011.??.??"]

1. e4 d5 2. exd5 Nf6 3. d4 Nxd5 4. Nf3 g6 5. Be2 Bg7 6. O-O O-O 7. c4 Nb6 8.
Nc3 Nc6 9. Be3 Bg4 10. d5 Bxf3 11. Bxf3 Ne5 12. c5 Nxf3+ 13. Qxf3 Nc4 14. Bc1
c6 15. Rd1 Qa5 16. dxc6 Ne5 17. Qe3 bxc6 18. Ne4 Rad8 19. Bd2 Qa4 20. b3 Qa6
21. Qh3 Rd4 22. Qh4 Qd3 23. f3 f5 24. Be1 Nxf3+ 25. gxf3 Qxf3 26. Qxh7+ Kxh7
27. Ng5+ Kg8 28. Nxf3 Rg4+ 29. Kf2 Bxa1 30. Rxa1 Rd8 31. Ne5 Re4 32. Bc3 Rd5
33. Rg1 Rxc5 34. Rxg6+ Kh7 35. Rxc6 Rexe5 36. Rxc5 Rxc5 37. Bb4 Rc2+ 38. Kg3 e5
39. Bd6 e4 40. a4 Rc3+ 41. Kf4 Rf3+ 42. Kg5 e3 43. Bb4 e2 0-1

[Event "Det åpne NM 2011 Gruppe A"]
[Site "Quality Hotel & Resort Fagerne"]
[Date "2011.04.17"]
[Round "5"]
[White "Svanholm, Børge W"]
[Black "Svensen, Tarjei Joten"]
[Result "0-1"]
[WhiteElo "1993"]
[BlackElo "2108"]
[Annotator "J.,Tarjei"]
[PlyCount "102"]
[EventDate "2011.??.??"]

1. c4 e6 2. Nc3 b6 3. Nf3 Bb7 4. g3 Nf6 5. Bg2 Be7 6. d4 O-O 7. O-O Ne4 8. Qc2
Nxc3 9. Qxc3 d6 10. b3 f5 11. e3 (11. Qe3) 11... Bf6 12. Bb2 Nd7 13. Qd2 (13.
Ng5 Bxg2 14. Nxe6 Qe7 15. Nxf8 Bxf1 16. Nxd7 Bh3 17. Nxf6+ Qxf6) 13... Be4 14.
Rad1 Qe8 15. Ne1 Bxg2 16. Nxg2 Qf7 (16... Bg5 17. Nf4 (17. f4)) 17. f3 Bg5 (
17... e5) 18. Qe2 Rae8 19. e4 Qh5 20. Bc1 fxe4 21. Qxe4 Bxc1 22. Rxc1 d5 (22...
Nf6 23. Qc6) 23. Qd3 c5 24. Nf4 Qg5 25. Nh3 Qh6 26. Kg2 Nf6 (26... e5 27. dxe5
Rxe5 28. cxd5) 27. Rce1 cxd4 28. Qxd4 e5 (28... dxc4 29. Qxc4 Qd2+ 30. Re2 Qd5)
29. Rxe5 Rxe5 30. Qxe5 Re8 31. Qf4 (31. Qc7 d4 32. Qxa7 Qd2+ 33. Rf2 Qb4 34.
Ng5) (31. Qg5 Re2+) 31... Qg6 (31... Qxf4 32. Nxf4 dxc4 33. bxc4 Re3) 32. Rf2
h6 33. cxd5 Nxd5 34. Qc4 Qe6 35. Kg1 Rc8 36. Qe4 Rc1+ 37. Rf1 Rxf1+ 38. Kxf1
Qxh3+ 39. Ke1 Qd7 40. Kf2 a5 41. Qc4 Qe6 42. Qd3 Kf7 43. f4 Nf6 44. Qf3 Qe4 45.
Qc3 Ng4+ 46. Kg1 Qe3+ 47. Qxe3 Nxe3 48. Kf2 Ng4+ 49. Kg2 Ke6 50. h3 Ne3+ 51.
Kf3 Nd5 0-1